000 00528nam a2200205Ia 4500
003 OSt
005 20230424114917.0
008 210423s2001 xx 000 0 und d
040 _cAL
041 _aeng
082 _a574.87 KUMH
100 _aKUMAR (H D).
_992041
245 _aText book of cytology genetics and evolution.
260 _aLudhiana
_bKalyani Publishers
_c2001
300 _axi,395
365 _b140
_cINR
650 _aCell Biology
_992042
906 _acytology ; evolution. ; genetics
942 _2ddc
_cBK
999 _c162559
_d162559